000 00405nam a2200133Ia 4500
008 100328s9999 xx 000 0 und d
082 _b30356
100 _aगांधी मो. क.
245 _aस्त्री-जीवन (6)
260 _bगांाी वाङेमय
630 _aस्त्री-जीवन (6)
730 _aस्त्री-जीवन (6)
942 _cBOOK
999 _c521330
_d521327